AH International Schools' Libraries

Batman: (Record no. 49514)

MARC details
000 -LEADER
fixed length control field 00286nam a2200109 4500
020 ## - INTERNATIONAL STANDARD BOOK NUMBER
International Standard Book Number 9781782022589
100 ## - MAIN ENTRY--PERSONAL NAME
Personal name Bright, J.E.
9 (RLIN) 15894
245 ## - TITLE STATEMENT
Title Batman:
Remainder of title seed bank heist /
Statement of responsibility, etc J.E. Bright
260 ## - PUBLICATION, DISTRIBUTION, ETC. (IMPRINT)
Place of publication, distribution, etc China
Name of publisher, distributor, etc Curious Fox
Date of publication, distribution, etc 2015
300 ## - PHYSICAL DESCRIPTION
Extent 105 p.
Other physical details col. ill.
Dimensions 19 cm.
942 ## - ADDED ENTRY ELEMENTS (KOHA)
Source of classification or shelving scheme
Koha item type Book
Holdings
Withdrawn status Lost status Source of classification or shelving scheme Damaged status Not for loan Home library Current library Shelving location Date acquired Total Checkouts Full call number Barcode Checked out Date last seen Date checked out Price effective from Koha item type
          Asian Hope Primary Library Asian Hope Primary Library Junior Fiction 09/04/2025 7 J FIC BRI 208868 04/30/2026 04/23/2026 04/23/2026 09/04/2025 Book

For any Logos Library related questions please contact Miss Art at swongnarasuk@asianhope.org.

For any Asian Hope Library related questions please contact Miss Raza at graza@asianhope.org.

Click here to explore our ebooks!

Powered by Koha